000 00580nam a2200193Ia 4500
008 131103s9999 xx 000 0 und d
040 _aLoreto College
041 _aEnglish
082 _a872.08/HAR
_bLCLIB
245 3 _aAn Anthology of Roman Drama
_cedited with an introduction by Philip Whaley Harsh
260 _aNew York
_bHolt,Rinehartand Winston
_c1960
300 _axxviii,317 p.
_c 19 cm.
504 _aIncludes biblioggraphical references
650 _aRoman Drama
651 _aLatin Drama
700 _aHarsh,Philip Whaley,ed.
850 _aLCLIB
942 _cBK
999 _c13777
_d64256